| 000 | 00000nam 2200000zi 4500 |
| 001 | 9.939708 |
| 003 | CaOODSP |
| 005 | 20240624154149 |
| 006 | m o d f |
| 007 | cr bn||||||||| |
| 008 | 240624s2024 onc ol f000 0 eng d |
| 040 | |aCaOODSP|beng|erda|cCaOODSP |
| 041 | 0 |aeng|afre |
| 043 | |an-cn--- |
| 086 | 1 |aYX4-2024/17-PDF |
| 110 | 1 |aCanada.|eenacting jurisdiction. |
| 245 | 13|aAn Act to implement certain provisions of the budget tabled in Parliament on April 16, 2024 = |bLoi portant exécution de certaines dispositions du budget déposé au Parlement le 16 avril 2024. |
| 246 | 31|aLoi portant exécution de certaines dispositions du budget déposé au Parlement le 16 avril 2024 |
| 264 | 1|a[Ottawa] : |b[House of Commons of Canada], |c2024. |
| 300 | |a1 online resource (xxvi, 640 pages). |
| 336 | |atext|btxt|2rdacontent |
| 337 | |acomputer|bc|2rdamedia |
| 338 | |aonline resource|bcr|2rdacarrier |
| 490 | 1 |aStatutes of Canada ..., chapter ... ; |vStatutes of Canada 2024, chapter 17, 1st Session, 44th Parliament |
| 500 | |a"First Session, Forty-fourth Parliament, 70-71 Elizabeth II - 1 Charles III, 2021-2022-2023-2024." |
| 500 | |a"Assented to June 20, 2024, Bill C-69." |
| 520 | |a"Part 1 implements certain measures in respect of the Income Tax Act and the Income Tax Regulations ... Part 2 enacts the Global Minimum Tax Act, a regime based on the rules of the Organisation for Economic Co-operation and Development (OECD)"--Summary, page ii-iii. |
| 546 | |aText in English and French. |
| 650 | 0|aBudget|xLaw and legislation|zCanada. |
| 650 | 0|aTaxation|xLaw and legislation|zCanada. |
| 650 | 0|aIncome tax|xLaw and legislation|zCanada. |
| 650 | 0|aLegislative amendments|zCanada. |
| 655 | 7|aStatutes and codes|2lcgft |
| 710 | 1 |aCanada. |bParliament. |bHouse of Commons, |eissuing body. |
| 788 | |tAn Act to implement certain provisions of the budget tabled in Parliament on April 16, 2024 = |efre|w(CaOODSP)9.939711 |
| 830 | #0|aStatutes of Canada ..., chapter ...|vStatutes of Canada 2024, chapter 17, 1st Session, 44th Parliament.|w(CaOODSP)9.500677 |
| 856 | 40|qPDF|s5.13 MB|uhttps://publications.gc.ca/collections/collection_2024/lois-statutes/YX4-2024-17.pdf |
| 856 | 4 |qHTML|sN/A|uhttps://www.parl.ca/documentviewer/en/44-1/bill/C-69/royal-assent?col=2 |